Integración financiera regional : (Registro nro. 7204)
[ vista simple ]
| 000 -LEADER | |
|---|---|
| fixed length control field | 01143nam a22002177a 4500 |
| 003 - CONTROL NUMBER IDENTIFIER | |
| control field | OSt |
| 005 - DATE AND TIME OF LATEST TRANSACTION | |
| control field | 20210302093824.0 |
| 008 - FIXED-LENGTH DATA ELEMENTS--GENERAL INFORMATION | |
| fixed length control field | 210216s2015 ck ad||gr|||| 00| 0 spa d |
| 040 ## - CATALOGING SOURCE | |
| Original cataloging agency | CO-JMCR |
| Transcribing agency | CO-JMCR |
| 041 0# - LANGUAGE CODE | |
| Language code of text/sound track or separate title | spa |
| 082 04 - DEWEY DECIMAL CLASSIFICATION NUMBER | |
| Classification number | 332.6725 / |
| Item number | C957i |
| Edition number | 23 |
| 100 1# - MAIN ENTRY--PERSONAL NAME | |
| Personal name | de la Cruz González, Javier, |
| Relator term | Autor |
| 9 (RLIN) | 13535 |
| 245 10 - TITLE STATEMENT | |
| Title | Integración financiera regional : |
| Remainder of title | la mejor ruta a seguir / |
| Statement of responsibility, etc. | Javier de la Cruz González |
| 260 ## - PUBLICATION, DISTRIBUTION, ETC. | |
| Place of publication, distribution, etc. | Bogotá : |
| Name of publisher, distributor, etc. | Federeación Iberoamericana de Bolsas : |
| -- | Banco de Desarrollo de América Latina, |
| Date of publication, distribution, etc. | 2015. |
| 300 ## - PHYSICAL DESCRIPTION | |
| Extent | 104 páginas : |
| Other physical details | ilustraciones, gráficos a color ; |
| Dimensions | 21 cm. + |
| Accompanying material | 1 CD-ROM |
| 505 ## - FORMATTED CONTENTS NOTE | |
| Title | Consideraciones sobre el estudio / |
| Statement of responsibility | Mauricio Cárdenas Santamaría -- |
| Title | Plan de trabajo FIAB 2013-12015 / |
| Statement of responsibility | Juan Pablo Córdoba , |
| -- | José Antonio Martínez -- |
| Title | Primer componente del proyecto FIAB - CAF / |
| Statement of responsibility | Javier de la Cruz González -- |
| Title | Posibilidades de utilización / |
| Statement of responsibility | Javier de la Cruz González |
| 650 24 - SUBJECT ADDED ENTRY--TOPICAL TERM | |
| Topical term or geographic name entry element | Mercado de capitales |
| Geographic subdivision | América Latina |
| 9 (RLIN) | 13536 |
| 650 24 - SUBJECT ADDED ENTRY--TOPICAL TERM | |
| Topical term or geographic name entry element | Finanzas |
| Geographic subdivision | América Latina |
| 9 (RLIN) | 13537 |
| 650 24 - SUBJECT ADDED ENTRY--TOPICAL TERM | |
| Topical term or geographic name entry element | Integración económica |
| Geographic subdivision | América Latina |
| 9 (RLIN) | 13538 |
| 942 ## - ADDED ENTRY ELEMENTS (KOHA) | |
| Source of classification or shelving scheme | Dewey Decimal Classification |
| Koha item type | Books |
| Withdrawn status | Lost status | Source of classification or shelving scheme | Damaged status | Not for loan | Home library | Current library | Shelving location | Date acquired | Source of acquisition | Total Checkouts | Full call number | Barcode | Date last seen | Copy number | Price effective from | Koha item type |
|---|---|---|---|---|---|---|---|---|---|---|---|---|---|---|---|---|
| Dewey Decimal Classification | Biblioteca Pública José María del Castillo y Rada | Biblioteca Pública José María del Castillo y Rada | General Stacks | 10/02/2020 | Donación | 332.6725 / C957i | 201810397 | 05/16/2024 | Ej.1 | 10/02/2020 | Books | |||||
| Dewey Decimal Classification | Biblioteca Pública José María del Castillo y Rada | Biblioteca Pública José María del Castillo y Rada | General Stacks | 10/02/2020 | Donación | 332.6725 / C957i | 201810396 | 05/16/2024 | Ej.2 | 10/02/2020 | Books | |||||
| Dewey Decimal Classification | Biblioteca Pública José María del Castillo y Rada | Biblioteca Pública José María del Castillo y Rada | Audio Visual | 10/02/2020 | Donación | 332.6725 / C957i | 201810398 | 03/02/2021 | Ej.1 | 10/02/2020 | Books | |||||
| Dewey Decimal Classification | Biblioteca Pública José María del Castillo y Rada | Biblioteca Pública José María del Castillo y Rada | Audio Visual | 10/02/2020 | Donación | 332.6725 / C957i | 201810395 | 03/02/2021 | Ej.2 | 03/02/2021 | Books |